|
|
|
|
| LEADER |
00904nam a2200217 a 4500 |
| 001 |
GR-MES441 |
| 008 |
991111s1989 gr 000 0 gre d |
| 040 |
|
|
|a GrPaTEI
|b gre
|c GR-PaULI
|
| 245 |
0 |
0 |
|a Συσκευές και όργανα υδροβιολογικών παρατηρήσεων :
|b Πτυχιακή εργασία.
|
| 260 |
|
|
|a Μεσολόγγι,
|c 1989
|
| 650 |
|
4 |
|a Βιολογία
|
| 650 |
|
4 |
|a Πτυχιακή Εργασία
|
| 650 |
|
4 |
|a Υδροβιολογία
|
| 650 |
|
4 |
|a ΥΔΡΟΒΙΟΛΟΓΙΑ-ΣΥΣΚΕΥΕΣ
|
| 650 |
|
4 |
|a ΥΔΡΟΒΙΟΤΟΠΟΙ
|
| 700 |
1 |
|
|a Κουτρούμπας, Β.
|
| 700 |
1 |
|
|a Τραγαλός, Δημήτρης
|
| 942 |
|
|
|2 ddc
|
| 952 |
|
|
|0 0
|1 0
|2 ddc
|4 0
|7 0
|9 263677
|a MSLG
|b MSLG
|c BSC
|d 2021-01-17
|e 24
|f 0
|g 0.00
|l 0
|p 2420000000173
|r 2021-01-17 00:00:00
|t 1
|w 2021-01-17
|y BK15
|x 19991111 0 1
|x GrPaTEI
|
| 971 |
|
|
|a .b2571482x
|b 16-04-20
|c 13-09-16
|
| 999 |
|
|
|c 151811
|d 151811
|